[Event "CFriend CP-2005-P-00018"]
[Site "Chessfriend.com"]
[Date "2005.10.01"]
[Round "1"]
[White "Balabaev, Farit Gasisovich"]
[Black "Oftelie, Daniel"]
[Result "1-0"]
[WhiteElo "2437"]
[BlackElo "800"]
[PlyCount "83"]
[EventDate "2005.??.??"]
[EventType "tourn (corr)"]
[EventRounds "6"]
[SourceTitle "Corr 2008"]
[Source "ChessBase"]
[SourceDate "2008.06.24"]
[SourceVersion "1"]
[SourceVersionDate "2008.06.24"]
[SourceQuality "1"]

1. e4 e5 2. Nf3 Nc6 3. Bb5 Nf6 4. 0-0 Bc5 5. c3 Nxe4 6. Qe2 f5 7. d3 Nf6 8. d4 Bb6 9. dxe5 Ne4 10. Nbd2 Nxd2 11. Qxd2 Qe7 12. a4 a6 13. Bc4 g6 14. Qh6 Na5 15. Ba2 Nc6 16. Bg5 Qf8 17. Qh4 Bc5 18. Bh6 Qe7 19. Qc4 Na5 20. Qd5 Nc6 21. Bg5 Qf8 22. Bf6 Rg8 23. Qxg8 Qxg8 24. Bxg8 h6 25. Nh4 Kf8 26. Ba2 d6 27. exd6 cxd6 28. Rfe1 Ne5 29. Rad1 Bxf2+ 30. Kxf2 Ng4+ 31. Kg1 Nxf6 32. Rxd6 Ne4 33. Rxg6 Ke7 34. g4 Kd8 35. gxf5 Nc5 36. Rg8+ Kc7 37. f6 Nxa4 38. Re7+ Kd6 39. f7 Kxe7 40. f8Q+ Kd7 41. Rg6 Kc7 42. Qd6# 1-0